Spotreba a kvalita života domácností SR z pohľadu ich peňažných výdavkov v nových ekonomických podmienkach
Zmena spoločensko-ekonomického systému priniesla výraznú diferenciáciu spoločnosti Slovenska, ktorá sa okrem iného prejavila v dočasnom poklese kvality života väčšiny našej populácie. Článok na základe identifikácie vybraných faktorov spotreby analyzuje zmeny v kvalite života, skúma príčiny týchto z...
Guardado en:
| Autor principal: | |
|---|---|
| Otros Autores: | |
| Formato: | Capítulo de libro |
| Lenguaje: | eslovaco |
| Materias: | |
| Etiquetas: |
Sin Etiquetas, Sea el primero en etiquetar este registro!
|
MARC
| LEADER | 00000naa$a2200000$$$4500 | ||
|---|---|---|---|
| 001 | 0091633 | ||
| 005 | 20240502072025.3 | ||
| 041 | 0 | |a slo | |
| 044 | |a SK | ||
| 245 | 1 | 0 | |a Spotreba a kvalita života domácností SR z pohľadu ich peňažných výdavkov v nových ekonomických podmienkach |c Vieroslava Holková, Ivan Laluha |
| 520 | |a Zmena spoločensko-ekonomického systému priniesla výraznú diferenciáciu spoločnosti Slovenska, ktorá sa okrem iného prejavila v dočasnom poklese kvality života väčšiny našej populácie. Článok na základe identifikácie vybraných faktorov spotreby analyzuje zmeny v kvalite života, skúma príčiny týchto zmien a naznačuje možné zdokonaľovanie kvality života v integračných a globalizačných súvislostiach. Uvedené zmeny sú mapované pomocou čistých peňažných výdavkov, ktoré sú sledované v spotrebnom koši ako podielová veličina a tým umožňujú vytvoriť obraz o napĺňaní jednotlivých potrieb spotrebiteľov. | ||
| 610 | 2 | 0 | |a ekonomika vedomostná |
| 610 | 2 | 0 | |a kvalita života |
| 610 | 2 | 0 | |a spotreba domácností |
| 610 | 2 | 0 | |a výdavky |
| 610 | 2 | 0 | |a príjmy |
| 610 | 2 | 0 | |a diferenciácia mzdová |
| 610 | 2 | 0 | |a Slovensko |
| 100 | 1 | |a Holková, Vieroslava | |
| 700 | 1 | |a Laluha, Ivan | |